|
|
|
|
| LEADER |
02721nam a2200685 i 4500 |
| 001 |
nkc20253716663 |
| 003 |
CZ PrNK |
| 005 |
20251128090913.0 |
| 007 |
ta |
| 008 |
251027s2025 xr ach e 000 0dcze |
| 015 |
|
|
|a cnb003716663
|
| 020 |
|
|
|a 978-80-909018-6-5
|q (Apis Press ;
|q vázáno)
|
| 035 |
|
|
|a (OCoLC)1559932709
|
| 040 |
|
|
|a BOA001
|b cze
|d ABA001
|e rda
|
| 043 |
|
|
|a e-xr---
|b e-xr-vy
|2 czenas
|
| 045 |
|
|
|a x-x-
|
| 072 |
|
7 |
|a 908(437)
|x Vlastivěda Česka a Slovenska
|2 Konspekt
|9 8
|
| 080 |
|
|
|a 616-051
|2 MRF
|
| 080 |
|
|
|a 77:069.5
|2 MRF
|
| 080 |
|
|
|a 77.039
|2 MRF
|
| 080 |
|
|
|a 913:94
|2 MRF
|
| 080 |
|
|
|a 316.728
|2 MRF
|
| 080 |
|
|
|a 908(437.324)
|2 MRF
|
| 080 |
|
|
|a (437.324)
|2 MRF
|
| 080 |
|
|
|a (084.12)
|2 MRF
|
| 100 |
1 |
|
|a Maloušek, Miroslav,
|d 1961-
|7 mzk2005306623
|4 aut
|
| 245 |
1 |
0 |
|a Třebíč objektivem Františka Veselého /
|c Miroslav Maloušek
|
| 250 |
|
|
|a Vydání první
|
| 264 |
|
1 |
|a Třebíč :
|b Apis Press,
|c 2025
|
| 300 |
|
|
|a 166 stran :
|b ilustrace (některé barevné), portréty, faksimile ;
|c 31 cm
|
| 336 |
|
|
|a text
|b txt
|2 rdacontent
|
| 336 |
|
|
|a statický obraz
|b sti
|2 rdacontent
|
| 337 |
|
|
|a bez média
|b n
|2 rdamedia
|
| 338 |
|
|
|a svazek
|b nc
|2 rdacarrier
|
| 500 |
|
|
|a Vydáno ve spolupráci s Muzeem Vysočiny Třebíč
|
| 504 |
|
|
|a Obsahuje bibliografii a bibliografické odkazy
|
| 600 |
1 |
7 |
|a Veselý, František,
|d 1925-2013
|7 xx0060707
|2 czenas
|
| 648 |
|
7 |
|a 20. století
|7 ch460558
|2 czenas
|
| 648 |
|
7 |
|a 20.-21. století
|7 ch462155
|2 czenas
|
| 650 |
0 |
7 |
|a lékaři
|7 ph122495
|z Česko
|y 20.-21. století
|2 czenas
|
| 650 |
0 |
7 |
|a fotografické sbírky
|7 ph120328
|z Česko
|2 czenas
|
| 650 |
0 |
7 |
|a historické fotografie
|7 ph135159
|z Česko
|y 20. století
|2 czenas
|
| 650 |
0 |
7 |
|a historický místopis
|7 ph137052
|z Česko
|2 czenas
|
| 650 |
0 |
7 |
|a každodenní život
|7 ph121555
|z Česko
|y 20. století
|2 czenas
|
| 650 |
0 |
9 |
|a physicians
|z Czechia
|y 20th-21st centuries
|2 eczenas
|
| 650 |
0 |
9 |
|a photograph collections
|z Czechia
|2 eczenas
|
| 650 |
0 |
9 |
|a historical photographs
|z Czechia
|y 20th century
|2 eczenas
|
| 650 |
0 |
9 |
|a historical topography
|z Czechia
|2 eczenas
|
| 650 |
0 |
9 |
|a everyday life
|z Czechia
|y 20th century
|2 eczenas
|
| 651 |
|
7 |
|a Třebíč (Česko)
|7 ge131185
|x vlastivěda a dějiny
|2 czenas
|
| 651 |
|
9 |
|a Třebíč (Czechia)
|x local history and geography
|2 eczenas
|
| 655 |
|
7 |
|a fotografické publikace
|7 fd132276
|2 czenas
|
| 655 |
|
9 |
|a photographical works
|2 eczenas
|
| 700 |
1 |
|
|a Veselý, František,
|d 1925-2013
|7 xx0060707
|4 pht
|
| 910 |
2 |
|
|a BOA001
|b 4-1550.811
|
| 928 |
9 |
|
|a Muzeum Vysočiny Třebíč
|
| 990 |
|
|
|a BK
|
| 995 |
|
|
|a 01
|
| 991 |
|
|
|b 202511
|c NOV
|
| 996 |
6 |
|
|b 2611017555
|c 4-1550.811
|l MZK
|r Sklad / do 1 hodiny
|n 1
|p p.v.
|w 002024361
|u 000010
|a 1
|e BOA001
|j MZK50
|s P
|